000 00915cam a22002294a 4500
999 _c57396
_d57396
001 14656245
005 20240117160323.0
008 061205s2016 moua b 001 0 eng
020 _a9780323028745 1
041 _aeng
080 _a617.6 R-79
100 1 _aRosenstiel, Stephen F.
_98424
245 1 0 _aContemporary fixed prosthodontics /
_cStephen F. Rosenstiel, Martin F. Land, Junhei Fujimoto ; artwork by Krystyna Srodulski ; photographic services by James Cockerill.
250 _a5th ed.
264 _aSt. Louis, Mo. :
_bMosby/Elsevier,
_c2016
300 _a1130 p. :
_bill. (some col.) ;
_c29 cm.
653 _a თანამედროვე ფიქსირებული პროთეზირება
653 _aსტომატოლოგია
700 1 _aLand, Martin F.
_eავტორი
_98427
700 1 _aFujimoto, Junhei.
_eავტორი
_98428
942 _2udc
_cBK